NFL Rushing Leaders: Los Angeles Chargers - Statistics

General Stats
  • This quiz has been taken 33 times
  • The average score is 4 of 10
Answer Stats
Rank Player Yards Years w/ Team % Correct
1 LaDainianTomlinson 12490 2001-2009
97%
3 AustinEkeler 4355 2017-2023
60%
5 MelvinGordon 4240 2015-2019
60%
6 RyanMathews 4061 2010-2014
50%
7 NatroneMeans 3885 1993-1995;1998-1999
47%
8 ChuckMuncie 3309 1980-1984
40%
4 MarionButts 4297 1989-1993
23%
10 KeithLincoln 2698 1961-1966;1968
7%
2 PaulLowe 4972 1960-1968
7%
9 DonWoods 2858 1974-1980
0%
No matching quizzes found
Score Distribution
Percent of People with Each Score
Percentile by Number Answered
Your Score History
You have not taken this quiz